Ecocardiografía y Doppler Cardíaco.

Gardado en:
Detalles Bibliográficos
Autor Principal: Díaz Navarro, Rienzi A. (autor)
Formato: Libro
Publicado: Valparaíso, Chile: Ediciones Universitarias de Valparaíso, 1995.
Series:Investigación
Subjects:
Tags: Engadir etiqueta
Sen Etiquetas, Sexa o primeiro en etiquetar este rexistro!

MARC

LEADER 00000nam a22000007a 4500
003 CL-VaPUC
005 20231018161833.0
008 231006t1995 ||||| |||| 00| 0 eng d
999 |c 442008  |d 442006 
040 |c Pontificia Universidad Católica de Valparaíso 
082 0 4 |2 22  |a 616.1207543 DIA 1995  
100 1 |a Díaz Navarro, Rienzi A.  |e autor  |9 884964 
245 1 0 |a Ecocardiografía y Doppler Cardíaco. 
260 |a Valparaíso, Chile:  |b Ediciones Universitarias de Valparaíso,  |c 1995. 
300 |a 203 páginas. 
490 0 |a Investigación 
500 |a c.1 Donación Rectoría 2022 
583 |c 20231006  |k Catalogador Asistente 
650 1 |a Ecocardiografía de Doppler  |9 885011 
650 1 |a Cardiopatías  |x Diagnóstico   |9 885012 
650 1 |a Enfermedades al corazón  |9 651581 
942 |2 ddc  |c BK 
952 |0 0  |1 0  |2 ddc  |4 0  |6 616_120754300000000_DIA_1995  |7 0  |8 A  |9 591888  |a BIBCUR  |b BIBCUR  |c GEN  |d 2023-10-06  |e Donación  |i 5658994  |l 1  |o 616.1207543 DIA 1995  |p 5658994  |r 2025-04-22  |s 2023-11-08  |t 1  |w 2023-10-06  |y BK  |k BCB